• 首页
  • 本馆介绍
  • 公告通知
  • 最新文献
  • 馆藏检索
  • 电子资源
  • 读者导购
  • 参考咨询
  • 我的图书馆
  • 登录
  • 详细信息显示
  • 放入我的书架
  • 预约/预借图书
  • 作者相关作品
  • 分类相关作品
  • 丛书相关作品
  • 出版社相关作品

书目信息

  • 表格格式
  • 工作单格式
  • 卡片格式
题名:
地理环境概述
    
 
作者: 胡兆量 , 陈宗兴 编
分册:  
出版信息: 北京   科学出版社  2006
页数: 164页
开本: 26cm
丛书名: 北京大学地理科学丛书
单 册:
中图分类: X21
科图分类:
主题词: 地理环境
电子资源:
ISBN: 7-03-017098-9
000 00971oam2 2200313 450
001 012004052149
005 20070805150316.85
009 012004052149
010    @a7-03-017098-9@dCNY36.00
035    @a(110120)012006072565
100    @a20060710d2006 em y0chiy0110 ea
101 0  @achi
102    @aCN@b110000
105    @aa z 000yy
106    @ar
200 1  @a地理环境概述@Adi li huan jing gai shu@f胡兆量,陈宗兴编@Fhu zhao liang, chen zong xing bian
205    @a2版
210    @a北京@c科学出版社@d2006
215    @a164页@c图@d26cm
225 2  @a北京大学地理科学丛书@Abei jing da xue di li ke xue cong shu
300    @a中国科学院科学出版基金资助出版
330    @a是对地理环境基本规律以及构筑规律的基本概念进行简明阐述。
461  0 @12001 @a北京大学地理科学丛书
606 0  @a地理环境
690    @aX21@v4
701  0 @a胡兆量@Ahu zhao liang@4编
701  0 @a陈宗兴@Achen zong xing@4编
801  0 @aCN@b110120@c20070805
905    @dX21@e107=2@f4
    
    地理环境概述/胡兆量,陈宗兴编.-2版.-北京:科学出版社,2006
    164页:图;26cm.-(北京大学地理科学丛书)
    中国科学院科学出版基金资助出版
    
    ISBN 7-03-017098-9:CNY36.00
    是对地理环境基本规律以及构筑规律的基本概念进行简明阐述。
●
相关链接 在E读中查询图书 在五车中查询图书 在当当中查询图书 在豆瓣中查询图书


正题名:地理环境概述     索取号:X21/107=2         预约/预借

序号 登录号 条形码 馆藏地/架位号 状态 备注
1 0851847   208518479   第二样本阅览室/ [索取号:X21/107=2] 在馆    
2 0851848   208518488   第三借阅区/ [索取号:X21/107=2] 在馆    
3 0851850   208518503   第三借阅区/ [索取号:X21/107=2] 在馆    
唐山师范学院图书馆 欢迎您!
大连网信软件有限公司© 版权所有